La sintaxis de la imagen. Introducción al alfabeto visual.

Guardado en:
Detalles Bibliográficos
Autor principal: Dondis, Donis A (autor)
Formato: Libro
Lenguaje:español
Publicado: Barcelona, España: Gustavo Gili, 1976.
Edición:1a. edición.
Materias:
Etiquetas: Agregar Etiqueta
Sin Etiquetas, Sea el primero en etiquetar este registro!

MARC

LEADER 00000cam a2200000 a 4500
001 UCO4721
003 CL-VaPUC
005 20250321101905.0
008 000811t19760000SP |||||||||||||||||spa|d
999 |c 290722  |d 290720 
020 |a 978-84-252-0609-2 
040 |c Pontificia Universidad Católica de Valparaíso 
082 0 4 |a 704.9 DON 1976  |2 21 
100 |a Dondis, Donis A  |e autor  |9 449356 
245 1 3 |a La sintaxis de la imagen.  |b Introducción al alfabeto visual. 
250 |a 1a. edición. 
260 |a Barcelona, España:  |b Gustavo Gili,  |c 1976. 
300 |a 211 páginas. 
500 |a c.4-10: Instituto Arcos. 08-01-2025 
583 |a last modification  |c 20120727 12:54:31  |k Rodrigo Vera 
650 0 |a Comunicación visual   |9 265349  |x Teoría del arte 
650 0 |a Artes  |9 268202  |x Técnicas visuales 
650 0 |a Percepción visual  |9 267039  |x Artes visuales 
942 |c BK  |2 ddc  |n 0 
945 |d 20000811 00:00:00  |a crobeson 
952 |0 0  |1 0  |4 0  |6 704_900000000000000_DON_1976  |7 0  |8 R  |9 340281  |a BIBART  |b BIBART  |d 2019-11-20  |i 1215108  |l 1  |o 704.9 DON 1976  |p 1215108  |r 2025-03-17  |s 2025-03-14  |w 2019-11-20  |y BK_R  |k ART 
952 |0 0  |1 0  |4 0  |6 704_900000000000000_DON_1976  |7 0  |8 A  |9 340282  |a BIBARQ  |b BIBARQ  |d 2019-11-20  |i 4385144  |l 3  |o 704.9 DON 1976  |p 4385144  |r 2025-01-20  |s 2024-03-07  |w 2019-11-20  |y BK  |k ARQ 
952 |0 0  |1 0  |4 0  |6 704_900000000000000_DON_1976  |7 0  |8 R  |9 340283  |a BIBART  |b BIBART  |d 2019-11-20  |i 4883217  |l 9  |o 704.9 DON 1976  |p 4883217  |r 2025-03-13  |s 2023-12-20  |w 2019-11-20  |y BK_R  |k ART 
952 |0 0  |1 0  |2 ddc  |4 0  |6 704_900000000000000_DON_1976  |7 0  |8 A  |9 600031  |a BIBINC  |b BIBINC  |d 2025-01-28  |e Instituto Arcos  |i 5664888  |o 704.9 DON 1976  |p 5664888  |r 2025-01-28  |t 4  |w 2025-01-28  |y BK  |k IFP 
952 |0 0  |1 0  |2 ddc  |4 0  |6 704_900000000000000_DON_1976  |7 0  |8 A  |9 600032  |a BIBINC  |b BIBINC  |d 2025-01-28  |e Instituto Arcos  |i 5664889  |o 704.9 DON 1976  |p 5664889  |r 2025-01-28  |t 5  |w 2025-01-28  |y BK  |k IFP 
952 |0 0  |1 0  |2 ddc  |4 0  |6 704_900000000000000_DON_1976  |7 0  |8 A  |9 600033  |a BIBINC  |b BIBINC  |d 2025-01-28  |e Instituto Arcos  |i 5664890  |o 704.9 DON 1976  |p 5664890  |r 2025-01-28  |t 6  |w 2025-01-28  |y BK  |k IFP 
952 |0 0  |1 0  |2 ddc  |4 0  |6 704_900000000000000_DON_1976  |7 0  |8 A  |9 600035  |a BIBINC  |b BIBINC  |d 2025-01-28  |i 5664891  |o 704.9 DON 1976  |p 5664891  |r 2025-01-28  |t 7  |w 2025-01-28  |y BK  |k IFP 
952 |0 0  |1 0  |2 ddc  |4 0  |6 704_900000000000000_DON_1976  |7 0  |8 A  |9 600122  |a BIBINC  |b BIBINC  |d 2025-01-28  |i 5665007  |o 704.9 DON 1976  |p 5665007  |r 2025-01-29  |t 9  |w 2025-01-28  |y BK  |k IFP 
952 |0 0  |1 0  |2 ddc  |4 0  |6 704_900000000000000_DON_1976  |7 0  |8 A  |9 600123  |a BIBINC  |b BIBINC  |d 2025-01-28  |i 5665006  |o 704.9 DON 1976  |p 5665006  |r 2025-01-29  |t 8  |w 2025-01-28  |y BK  |k IFP 
952 |0 0  |1 0  |2 ddc  |4 0  |6 704_900000000000000_DON_1976  |7 0  |8 A  |9 600124  |a BIBINC  |b BIBINC  |d 2025-01-29  |e Instituto Arcos  |i 5665008  |l 2  |o 704.9 DON 1976  |p 5665008  |q 2025-05-25  |r 2025-04-25  |s 2025-04-25  |t 10  |w 2025-01-29  |y BK  |k IFP